000 00545nam a2200229Ia 4500
003 OSt
005 20221005131128.0
006 a|||||r|||| 00| 0
007 ta
008 221004b |||||||| |||| 00| 0 per d
024 _a57982
037 _cTextual
040 _aCRL
_cCRL
_bper
041 _2per
_aper
082 _aV2:21wL28, 164A
100 _aDe Harinath
245 0 _aShah-Alam Nama
260 _c1870
650 _aHISTORY
942 _hV2:21wL28, 164A
_cTEXL
_2cc
999 _c1059420
_d1059420